Random MCU Quotes - Statistics

General Stats
  • This quiz has been taken 62 times
  • The average score is 8 of 15
Answer Stats
Quote Character % Correct
The radiation's mostly gamma. It's like I was made for this. Bruce Banner
100%
That’s my secret, Captain I’m always angry. Bruce Banner
100%
You and I remember Budapest very differently. Clint Barton
100%
We are ___ Groot
100%
I have been falling for 30 minutes! Loki
100%
Ah, she left me. And my mom died too. And my dad got deported. But I got the van! Luis
100%
Sir, I’m going to have to ask you to exit the donut. Nick Fury
100%
Mr. Stark, I Don’t Feel So Good. Peter Parker
100%
Exactly like Footloose! Is it still the greatest movie in history? Peter Quill
100%
What master do I serve? What am I supposed to say, Jesus? Peter Quill
100%
I just have one question… Who are you, who is she, what the hell is going on here, and can I go back to jail now? Scott Lang
100%
I love you in every universe. Stephen Strange
100%
Avengers, assemble! Steve Rogers
100%
I can do this all day. Steve Rogers
100%
You get hurt, hurt 'em back. You get killed… walk it off. Steve Rogers
100%
I am Inevitable. Thanos
100%
Well, what's the use of having and owning a race car... if you don't drive it? Tony Stark
100%
If you’re nothing without this suit, then you shouldn’t have it. Tony Stark
100%
Part of the journey is the end. Tony Stark
100%
Dude, you’re embarrassing me in front of the wizards. Tony Stark
100%
I’m Mary Poppins y’all! Yondu Udonta
100%
He’s a friend from work! Thor Odinson
86%
Don’t do anything I would do, and don’t do anything I wouldn’t do. There’s a little gray area in there. That’s where you operate. Tony Stark
83%
I am going to die surrounded by the biggest idiots in the galaxy. Gamora
80%
Well let me know if real power wants a magazine or something. Nick Fury
80%
I don't know if you've been in a fight before but there's usually not this much talking. Sam Wilson
80%
You have to understand... if it comes to saving you or the kid or the Time Stone... I will not hesitate to let either of you die. I can't, because the fate of the universe depends on it. Stephen Strange
80%
Mjølnir chose you. It chose you because you're worthy, and that's something. When I first met you, I was unworthy, I was unable to pick up the hammer. But you taught me there is no greater purpose than to help those in need. You made me worthy. So, whatever you want to do, we can do together. Well what do you want to do? Thor Odinson
80%
He may have been your father, boy, but he wasn’t your daddy. Yondu Udonta
80%
Nothing goes over my head…! My reflexes are too fast, I would catch it. Drax
75%
This was my opportunity to get away from Thanos. Gamora
75%
I’m made of rocks, as you can see. But don’t let that intimidate you. You don’t need to be afraid unless you’re made of scissors. Just a little rock-paper-scissor joke for you. Korg
75%
Love is a dagger. It’s a weapon to be wielded far away or up close. You can see yourself in it. It’s beautiful until it makes you bleed. Loki
75%
I'm only alive because fate wants me alive. Thanos is just the latest in a long line of bastards, and he'll be the latest to feel my vengeance. Fate wills it so. Thor Odinson
75%
Whatever happens tomorrow you must promise me one thing, that you will stay who you are. Not a perfect soldier but a good man. Abraham Erskine
67%
Thor was here and he just left again. No message, nothing. Not a word. For the last year, every waking thought I had was of finding him. All the work I did was for nothing. So that's it. I'm done. Jane Foster
67%
Are you Thor, the God of Hammers? Odin
67%
We’re in the endgame now. Stephen Strange
67%
The hardest choices require the strongest wills. Thanos
67%
There was one time when we were children. He transformed himself into a snake, and he knows that I love snakes. So I went to pick up the snake to admire it, and he transformed back into himself and he was like, ‘Blech, it’s me!’ And he stabbed me. We were 8 at the time. Thor Odinson
67%
It’s alright, you could never hurt me. I just feel you. Vision
67%
I will buy all the cheeseburgers you want, just to keep that smile on your face. Happy Hogan
60%
No amount of money ever bought a second of time. Tony Stark
60%
You, Vision, are the piece of the mind stone that lives in me, you are a body of wires, and blood, and bone that I created. You are my sadness and my hope. But mostly, you’re my love. Wanda Maximoff
60%
Everyone fails at who they are supposed to be, Thor. The measure of a person, of a hero…is how well they succeed at being who they are. Frigga
50%
I know who you are, Peter Quill, and I am not some starry-eyed waif here to succumb to your… your pelvic sorcery! Gamora
50%
This is your chance. To earn that look in your daughter’s eyes. To become the hero that she already thinks you are. It’s not about saving our world, it’s about saving theirs. Hank Pym
50%
If you say one more word, I’ll feed you to my children! I’m kidding. We’re vegetarians. M'Baku
50%
Let me go. It’s okay. Natasha Romanoff
50%
I do anything and everything that Mr. Stark requires—including occasionally taking out the trash. Pepper Potts
50%
Magic! More magic! Magic with a kick! Magic with a– Peter Parker
50%
Look, I wanna say: I know you know a lot of super-people, so, thinks for thanking of me. Scott Lang
50%
Cap. Captain. Steve, sorry. America. Rogers. Look, if you do this, and this doesn't work, you're not coming back. Scott Lang
50%
My armor, it was never a distraction or a hobby, it was a cocoon. And now, I'm a changed man. You can take away my house, all my tricks and toys. But one thing you can't take away... I am ____.' Tony Stark
50%
Cause if we can’t protect the Earth, you can be damn sure we’ll avenge it. Tony Stark
50%
A Hunk of Hulk of Burning Fudge is our favorite. Wong
50%
I see this as an absolute win Bruce Banner
40%
You’re the head of security and your password is ‘password?' Peter Parker
40%
You know, I keep telling everybody they should move on and grow. Some do. But not us. Steve Rogers
40%
What is grief, if not love persevering? Vision
40%
That very threat, your cousin, is held up as some kind of hero, and I'm locked up in here. Where's the justice in that, Jen? Emil Blonsky
33%
Don’t waste it. Don’t waste your life. Ho Yinsen
33%
You can take the guy out the chair but you can't take the chair out the guy Ned Leeds
33%
You got gifts, Parker. But you didn't want to be here. I'd love to have you in Berlin, but you've got to decide whether you're going to step up or not. Stark chose you. He made you an Avenger. I need that. The world needs that. Maybe Stark was wrong. The choice is yours. Nick Fury
33%
Uneasy lies the head that wears the crown. Stark said you wouldn't get that because it's not a Star Wars reference. Nick Fury
33%
The world has changed and none of us can go back. All we can do is our best, and sometimes the best that we can do is to start over. Peggy Carter
33%
Actually, I can. This is how things are now. You and me, trapped in this moment, endlessly. Stephen Strange
33%
The price of freedom is high, it always has been. And it’s a price I’m willing to pay. And if I’m the only one, then so be it. But I’m willing to bet I’m not. Steve Rogers
33%
No mistakes. No do-overs. Look out for each other. This is the fight of our lives. Steve Rogers
33%
Vengeance has consumed you. It's consuming them. I am done letting it consume me. Justice will come soon enough. T'Challa
33%
I cannot speak for past kings. But an enemy sits on the throne right now. We both know the power of vibranium. If Killmonger gains control of it, who do you think he will come for next? T'Challa
33%
Today we don’t fight for one life, we fight for all of them. T'Challa
33%
I can’t control your fear, I can only control mine. Wanda Maximoff
33%
If we’re going to win this fight, some of us might have to lose it. Clint Barton
25%
‘Boh’ is my new superpower. It’s like the anti-Aloha. I was born to say this word. Michelle Jones
25%
When I look around at us, do you know what I see? Losers. I mean like folks who have lost stuff, and we have. Man, we have. All of us. Our homes, our families. Normal lives Peter Quill
25%
For the past four years, you've operated with unlimited power and no supervision. That's an arrangement the governments of the world can no longer tolerate. But I think we have a solution, the Sokovia Accords. Thaddeus Ross
25%
All right, wizard. Who are you? Why should I care? Thor Odinson
25%
The hardest choices require the strongest wills. Thanos
20%
I choose to run towards my problems, and not away from them. Because’s that–because’s that what heroes do. Thor Odinson
20%
Oh, great and mighty Rapu... we pray to you for water and sustenance. I pray to you, not for me, but for my daughter. Gorr the God Butcher
17%
If you try to escape, or play any sort of games with me, I will taze you and watch Supernanny while you drool into the carpet. Phil Coulson
17%
Don't bother, Ms. Romanoff. I'll kill him myself. T'Challa
17%
I would rather be a good man than a great king. Thor Odinson
13%
I have nothing to prove to you. Carol Danvers
0%
You can do it. You can do anything. You’re the world’s greatest grandma. Cassie Lang
0%
When you try to fix people, there are always consequences. Curt Connors
0%
You know that friend you had in high school? Who was way cooler than you were, attractive, got all the attention from everyone? Hello. Jennifer Walters
0%
Oh, I’m not a superhero. That’s for billionaires and narcissists. And adult orphans for some reason. Jennifer Walters
0%
Superheroes don't need chaperones Kamala Khan
0%
I think we must learn from our mistakes and do better. You must not give up hope. Karun
0%
I beat some guys up. Saved the dog. Some light B and E Kate Bishop
0%
Druig sucks Kingo
0%
Fine, I'll wear the boots. Love
0%
I think you're in a unique position to do some real good. You see, the way I see it, Jen Walters can use the law to help people when society fails them. And She-Hulk can help people when the law fails them. Matt Murdock
0%
That is literally the coolest sentence anyone has ever said. I just want to thank you for letting me be a part of your journey. Ned Leeds
0%
You never know. You hope for the best and make do with what you get. Nick Fury
0%
Tony, trying to get you to stop has been one of the few failures of my entire life. Pepper Potts
0%
I really did try to help you. I mean, I could've killed you. At any given moment, but I didn't. Because my Aunt May taught me that everyone deserves a second chance. Peter Parker
0%
No man can win every battle, but no man should fall without a struggle. Peter Parker
0%
What is this thing? Look how it thinks it’s so cool. It’s not cool to get help. Walk by yourself you little gargoyle. Rocket
0%
You’re repeating yourself! You’re repeating yourself! Scott Lang
0%
Good is not a thing you are, it is a thing you do. Sheikh Abdullah
0%
Sacrifice? That would imply I had something to lose. Stephen Strange
0%
Faith is my sword. Truth is my shield. Knowledge my armor. Stephen Strange
0%
Trust yourself, trust your power – that’s how you stop it. Stephen Strange
0%
Just ___? Like Adele? Or Aristotle? Drake, Bono, Eminem… Stephen Strange
0%
You cannot beat a river into submission; you have to surrender to its current, and use its power as your own. The Ancient One
0%
Can’t have a revolution without somebody to overthrow, so you’re welcome, and uh, it’s a tie. The Grandmaster
0%
It's not about how much we lost. It's about how much we have left Tony Stark
0%
It’s not enough to be against something. You have to be for something better. Tony Stark
0%
Anybody on our side hiding any shocking and fantastic abilities they’d like to disclose? I’m open to suggestions. Tony Stark
0%
Good luck. I’ll be ‘rotting’ for you. Ulysses Bloodstone
0%
But a thing isn’t beautiful because it lasts. It’s a privilege to be among them. Vision
0%
No matching quizzes found
Score Distribution
Percent of People with Each Score
Percentile by Number Answered
Your Score History
You have not taken this quiz